Harry Potter: les Nargoles - Statistiques

Statistiques générales
  • Ce quiz a été pris 76 fois
  • Le résultat moyen est 3 sur 5
Statistiques - réponses
Information Réponse % Correct
Première apparition Harry Potter et l'Ordre du Phénix
93%
Derniere apparition Harry Potter et les Reliques de la Mort
91%
Famille qui les a inventés Lovegood
88%
Plante infestée Gui
40%
Statut Créature imaginaire
21%
Aucun quiz correspondant
Distribution des résultats
% des personnes avec chaque résultat
Percentile par nombre de réponses
Votre historique - résultats
Vous n’avez pas pris ce quiz